| 000 | 00765cab a2200253 4500 | ||
|---|---|---|---|
| 001 | ABS37596 | ||
| 008 | 090401t1987 xxu||||| |||| 00| 0 eng d | ||
| 035 | _a(Sirsi) u5451 | ||
| 041 | _aeng | ||
| 100 | _aThrasher, C. | ||
| 245 | _a"Smart buildings" in Manhattan | ||
| 260 | _c1987 | ||
| 350 | _a0 | ||
| 490 |
_aEstates Gazette _v282(6330) 18 April 1987, 292-293(2) |
||
| 520 | _aOutlines features which tenants of smart buildings in New York `s Manhattan office market find most attractive. Table, photos. | ||
| 650 | _aPROPERTY-COMMERCIAL PROPERTY | ||
| 650 | _aINTELLIGENT BUILDINGS | ||
| 650 | _aTENANTS REQUIREMENTS | ||
| 650 | _aUNITED STATES | ||
| 690 |
_aBlock management _96220 |
||
| 700 | _aDanehy, K. | ||
| 942 | _n0 | ||
| 948 | _c04/03/1997 | ||
| 999 |
_c3244 _d3244 |
||